Geology, resources, and society; (Record no. 13862)
[ view plain ]
| 000 -LEADER | |
|---|---|
| fixed length control field | 00449cam a2200157 4500 |
| 020 ## - INTERNATIONAL STANDARD BOOK NUMBER | |
| ISBN | 0716702606 |
| 040 ## - CATALOGING SOURCE | |
| Transcribing agency | DLC |
| 082 00 - DEWEY DECIMAL CLASSIFICATION NUMBER | |
| Classification number | 550 FEE 1974 A058 Or. |
| 100 1# - MAIN ENTRY--AUTHOR NAME | |
| Personal name | Menard, Henry W. |
| 245 10 - TITLE STATEMENT | |
| Title | Geology, resources, and society; |
| Remainder of title | an introduction to earth science |
| 260 ## - PUBLICATION, DISTRIBUTION, ETC. (IMPRINT) | |
| Place of publication | San Francisco, |
| Name of publisher | W. H. Freeman |
| Year of publication | [1974] |
| 300 ## - PHYSICAL DESCRIPTION | |
| Number of Pages | xi, 621 p. |
| Other physical details | illus. |
| Dimensions | 25 cm. |
| 490 0# - SERIES STATEMENT | |
| Series statement | A Series of books in geology |
| 650 #0 - SUBJECT ADDED ENTRY--TOPICAL TERM | |
| Topical Term | Earth sciences. |
| 942 ## - ADDED ENTRY ELEMENTS (KOHA) | |
| Koha item type | សៀវភៅភាសាអង់គ្លេស |
| 952 ## - LOCATION AND ITEM INFORMATION (KOHA) | |
| Withdrawn status [LOCAL, KOHA] | 0 |
| Permanent Location | Date acquired | Koha item type | Lost status | Shelving location | Barcode | Current Location | Full call number |
|---|---|---|---|---|---|---|---|
| Library Block A | 2017-10-02 | សៀវភៅភាសាអង់គ្លេស | A058 | A15290 | Library Block A | 550 FEE 1974 A058 Or. |